| 000 | 00893nam a22002177a 4500 | ||
|---|---|---|---|
| 005 | 20110906112250.0 | ||
| 010 | _aG-001345 | ||
| 020 |
_c395.00 _a9788189487577 |
||
| 035 | _aG-001345 | ||
| 037 | _bGift | ||
| 082 | _a305.48697095411 | ||
| 100 |
_aNyla Ali Khan _935404 |
||
| 245 |
_aIslam, women & violence in Kashmir: _cby Nyla Ali Khan _bbetween India and Pakistan / |
||
| 260 |
_aNew Delhi _bTulika Books _c2009 |
||
| 270 |
_a35 A/1 (third floor), Shahpur Jat, _bNew Delhi _e 110049 |
||
| 300 |
_axiv, 185p. _c25cm(pbk) |
||
| 500 | _aIncludes glossary, bibliographical references and index | ||
| 942 |
_2ddc _cEN _h305.48697095411 _mNYL |
||
| 999 |
_c56366 _d56366 |
||